सैण्टा का क्रिसमस / (Record no. 22806)

MARC details
000 -LEADER
fixed length control field 03527nam a22003977a 4500
005 - DATE AND TIME OF LATEST TRANSACTION
control field 20090102122541.0
010 ## - LCCN (DPL NO)
LC control number B-435978-982
020 ## - INTERNATIONAL STANDARD BOOK NUMBER
Terms of availability 20.00
International Standard Book Number 8125035044
020 ## - INTERNATIONAL STANDARD BOOK NUMBER
Terms of availability 20.00
International Standard Book Number 9788125035046
035 ## - SYSTEM CONTROL NUMBER
System control number B-435978-982
037 ## - SOURCE OF ACQUISITION
Source of stock number/acquisition प्रथम बुक्स
037 ## - SOURCE OF ACQUISITION
Source of stock number/acquisition ब्लयूबेरी बुक्स
082 ## - DEWEY DECIMAL CLASSIFICATION NUMBER
Classification number
100 ## - MAIN ENTRY--PERSONAL NAME
Personal name टिएन, लवीना
245 ## - TITLE STATEMENT
Title सैण्टा का क्रिसमस /
Statement of responsibility, etc लवीना टिएन ; एमान्युएल स्केनज़ीआनी द्वारा चित्रांकित; वन्दना महेश्वरी द्वारा अनुदित
260 ## - PUBLICATION, DISTRIBUTION, ETC. (IMPRINT)
Place of publication, distribution, etc हैदराबाद
Name of publisher, distributor, etc ओरियंट लॉगमैन
Date of publication, distribution, etc 2008
270 ## - ADDRESS
Address 3-6-752 ,हिमायत नगर,
City हैदराबाद
Postal code 500029
Telephone number
Fax number
Electronic mail address
300 ## - PHYSICAL DESCRIPTION
Extent 20पृ.;
Dimensions 21सेमी (अजिल्द)
Other physical details सचित्र
490 ## - SERIES STATEMENT
Series statement
-- 31926
500 ## - GENERAL NOTE
General note
700 ## - ADDED ENTRY--PERSONAL NAME
Personal name स्केनज़ीआनी, एमान्युएल
9 (RLIN) 31923
700 ## - ADDED ENTRY--PERSONAL NAME
Personal name महेश्वरी, वन्दना
9 (RLIN) 31924
942 ## - ADDED ENTRY ELEMENTS (KOHA)
Source of classification or shelving scheme Dewey Decimal Classification
Item type Children Books
Call number suffix टिएन
Classification part
Holdings
Withdrawn status Lost status Not for loan Collection code Home library Current library Date acquired Source of acquisition Cost, normal purchase price Full call number Barcode Copy number Cost, replacement price Koha item type
  Written-off vide DLB M. No. 383 dt 16.05.19   Fiction Central Library Central Library 06/01/2010 080/6.7.09/8/23.4.09/29.7.09 20.00 क टिएन B-349563 1 20.00 Children Books
  Written-off vide DLB M. No. 383 dt 16.05.19   Fiction Central Library Central Library 08/08/2011 ब्ल्यू बेरी/6364/25.3.2011/83/21.3.11/31.3.11 20.00 क टिएन B-435978 1 20.00 Children Books
      Fiction Karol Bagh Karol Bagh 06/01/2010 080/6.7.09/8/23.4.09/29.7.09 20.00 क टिएन B-349566 1 20.00 Children Books
      Fiction Karol Bagh Karol Bagh 08/08/2011 ब्ल्यू बेरी/6364/25.3.2011/83/21.3.11/31.3.11 20.00 क टिएन B-435981 1 20.00 Children Books
      Fiction Patel Nagar Patel Nagar 06/01/2010 080/6.7.09/8/23.4.09/29.7.09 20.00 क टिएन B-349564 1 20.00 Children Books
      Fiction Patel Nagar Patel Nagar 08/08/2011 ब्ल्यू बेरी/6364/25.3.2011/83/21.3.11/31.3.11 20.00 क टिएन B-435979 1 20.00 Children Books
      Fiction Sarojini Nagar Sarojini Nagar 06/01/2010 080/6.7.09/8/23.4.09/29.7.09 20.00 क टिएन B-349565 1 20.00 Children Books
      Fiction Sarojini Nagar Sarojini Nagar 08/08/2011 ब्ल्यू बेरी/6364/25.3.2011/83/21.3.11/31.3.11 20.00 क टिएन B-435980 1 20.00 Children Books
      Fiction Shahdara Branch Shahdara Branch 06/01/2010 080/6.7.09/8/23.4.09/29.7.09 20.00 क टिएन B-349567 1 20.00 Children Books
  Written-off vide DLB M. No. 383 dt 16.05.19   Fiction Shahdara Branch Shahdara Branch 08/08/2011 ब्ल्यू बेरी/6364/25.3.2011/83/21.3.11/31.3.11 20.00 क टिएन B-435982 1 20.00 Children Books

© Delhi Public Library
Hit Counter
free hit counter